| 000 | 00481 a2200157 4500 | ||
|---|---|---|---|
| 999 |
_c9650 _d9650 |
||
| 050 | _aKTL19.A35SOU1981 | ||
| 245 |
_aSouth African Law Reports: _b1981 (4) December / _cedited by Barnett M. [et ...al] |
||
| 264 |
_aCape Town: _bJuta and CO,LTD, _c1981 |
||
| 300 | _a61982p. : | ||
| 500 | _aincludes table of cases | ||
| 650 | _alaw report | ||
| 700 | _aBuchanan J L | ||
| 700 | _aFisher D S | ||
| 700 | _aAckermann I | ||
| 942 |
_2lcc _cSERIALS _hKTL19.A35 _iSOU _kKTZ |
||